000 00819cam a2200265 i 4500
001 24539
003 BD-RjUL
005 20211209001050.0
008 140313s1980 coua b 001 0 eng
020 _a0891587667 :
035 _a(BD-RjUL)24606
040 _aDLC
_cDLC
_dDLC
_dBD-RjUL
_beng
041 _aeng
082 0 0 _a940.53494
_bSCE
100 1 _aSchwarz, Urs,
_d1905-
_975526
245 1 4 _aThe eye of the hurricane :
_bSwitzerland in World War Two /
_cUrs Schwarz.
260 _aBoulder, Colo. :
_bWestview Press,
_c1980.
300 _axv, 169 p. :
_bill. ;
_c24 cm.
504 _aIncludes Bibliography: p. 165 and index.
650 0 _aWorld War, 1939-1945
_zSwitzerland.
_975527
651 0 _aSwitzerland
_xHistory
_y20th century.
_975528
942 _2ddc
_cBK
999 _c24539
_d24539